[Event "E Candidates 2018"]
[Site "Berlin GER"]
[Date "2018.03.23"]
[Round "11.1"]
[White "Ding, Liren"]
[Black "Grischuk, Alexander"]
[Result "1/2-1/2"]
[WhiteElo "2769"]
[BlackElo "2767"]
[EventDate "2018.03.10"]
[Annotator "Bojkov,Dejan"]
[PlyCount "194"]
[Beauty "3647501036596"]
[EventType "team-tourn"]
[EventCountry "GER"]
[WhiteTeam "China"]
[BlackTeam "Russia"]
[WhiteTeamCountry "CHN"]
[BlackTeamCountry "RUS"]
[WhiteClock "0:01:24"]
[BlackClock "0:06:07"]

1.c4 c5 2.Nf3 Nf6 3.Nc3 Nc6 4.e3 e6 5.d4 d5 6.a3 dxc4 7.Bxc4 a6 8.O-O b5 9.Ba2 Bb7 10.Qe2 Qc7 11.Bd2 Be7 $146 {A novelty in comparison to a very fresh game.} ( {There Black comfortably held after} 11...Rd8 12.Rfc1 cxd4 13.exd4 Be7 14.d5 exd5 15.Bg5 O-O 16.Bxf6 Bxf6 17.Nxd5 Qd6 18.Re1 Nd4 19.Nxf6+ Qxf6 20.Nxd4 Rxd4 {Nepomniachtchi,I (2751)-Gelfand,B (2695) Moscow 2018} ) 12.Rac1 c4 13.e4 Rd8 14.Be3 Ng4 15.e5 Na5 {Perhaps it is here where Grischuk messed up with his preparation.} ( {The move that he mentioned later was possible at once:} 15...f5 $5 {since} 16.exf6 {does not work anyway due to} 16...Nxd4 $1 17.Bxd4 Bxf3 {and Black wins.} ) 16.Bf4 {"This is supposedly good for Black, but I do not know (remember) how." (Grischuk) See the previous note.} ( {"I think I had this in preparation. If"} 16.Bb1 f5 $1 {"is good for Black as"} 17.exf6 Bxf3 18.Qxf3 Qxh2# {(Grischuk)} ) 16...Qb6 17.Rcd1 h5 {The idea is to secure a square for the black knight, but it "is obviously bad." (Grischuk)} 18.h3 Nh6 19.Bb1 {Now the black king may never castle and White is eager to open the center files.} 19...Nb3 ( 19...Kd7 $2 20.d5 $1 ) 20.Be3 Qc7 {Black saw what will happen next but he thought he may "get lucky."} ( {In desperation Grischuk even considered a la Petrosian sacrifices like} 20...Bd5 21.Nxd5 Rxd5 22.Be4 Nf5 23.Bxd5 exd5 {but realized that "he will slowly lose." Indeed he cannot keep the position blocked forever.} ) 21.Rfe1 Kf8 ( 21...O-O 22.Bxh6 gxh6 23.Qe3 Kg7 24.Ne4 {is a crushing attack for White.} ) 22.d5 $1 {Thematic and very strong.} 22...exd5 ( 22...Bxd5 23.Nxd5 exd5 24.e6 {would not change anything.} ) 23.e6 fxe6 24.Ng5 $1 Qd7 ( {From afar Grischuk intended to try:} 24...Bc8 {but then realized that} 25.Nxd5 $1 {would be nasty enough. For example:} ( {Ding saw a safer win:} 25.Qf3+ $1 Kg8 26.Bf4 {and if} 26...Qb7 27.Nxe6 Bxe6 28.Rxe6 {where Black is completely hopeless.} ) 25...exd5 ( {However} 25...Rxd5 $1 26.Rxd5 exd5 27.Qf3+ Bf6 28.Qxd5 g6 $1 {is not that clear.} ) 26.Bb6 {this indeed wins for White.} ) ( {And if} 24...Bxg5 25.Bxg5 Re8 26.Nxd5 $1 {is decisive.} ) 25.Bg6 $1 {Both players agreed that this was a very strong move.} 25...Bf6 ( 25...Kg8 26.Bb6 {"and then I immediately resign" (Grischuk) Say} 26...Rf8 27.Nxe6 Rf6 28.Nf4 $1 Rxf4 29.Qxe7 Qxe7 30.Rxe7 {and Black has hardly any moves.} ) 26.Bb6 Rc8 {"This move totally surprised me" (Ding)} ( {The alternative was losing on the spot:} 26...Bxg5 27.Bxd8 Bxd8 28.Qxe6 Qxe6 29.Rxe6 Nf7 ( 29...Be7 30.Nxd5 Bxd5 31.Rxd5 Nf7 32.Rd7 Nc5 33.Rexe7 Nxd7 34.Rxf7+ {(Ding)} ) 30.Rde1 {(Grischuk)} ) 27.Nxe6+ Kg8 28.Nxd5 ( {Missing the beautiful win} 28.Nd8 $1 Bc6 ( 28...Rxd8 29.Bxd8 Qxd8 30.Qe8+ Qxe8 31.Rxe8# ) 29.Rxd5 $1 {and Black can resign.} ) 28...Bxd5 29.Nf4 {This is also winning but it does complicate matters.} ( {Once again:} 29.Nd8 $1 {"was not only winning, but winning brilliantly." (Grischuk)} ) ( {Also nice was:} 29.Rxd5 Qxd5 30.Nd8 $1 {with mate.} ) 29...Nc1 $3 {An excellent practical chance. Now both players levelled on the clock and played the next 11 moves practically on increment.} 30.Qxh5 ( {"If takes"} 30.Rxc1 {"then"} 30...Bf7 {"and there is suddenly no mate" (Grischuk)} 31.Rcd1 Qc6 {"this is not so clear" (Ding) However simple move like} 32.Ba5 {leaves Black absolutely hopeless as he has no reasonable moves. For example} 32...Bxg6 33.Nxg6 Rh7 34.Qxh5 ) 30...Nd3 31.Nxd5 Nf7 32.Qe2 ( {Grischuk's suggestion} 32.Re7 Bxe7 33.Bxf7+ Kf8 34.Qxh8+ Kxf7 {wins if we continue the line:} 35.Qh5+ g6 36.Qh7+ Ke6 37.Nf4+ Ke5 38.Nxd3+ cxd3 39.Qg7+ Ke6 40.Re1+ Kd5 41.Qd4+ Kc6 42.Rc1+ {and it is over.} ) ( {Also winning is} 32.Nxf6+ gxf6 33.Bxf7+ Qxf7 34.Qg4+ Kh7 35.Qf5+ Kg7 36.Re4 {with mating threats and healthy extra pawn.} ) 32...Nfe5 33.Be4 Rh4 {Now, in timetrouble, more miracles happen.} 34.f4 ( 34.Qe3 $1 ) 34...Rxf4 $1 35.Nxf4 Nxf4 36.Bh7+ {"This of course shocked me." (Grischuk)} 36...Kh8 ( 36...Kxh7 {drops the queen after the in-between check} 37.Qe4+ ) 37.Qe4 Qc6 38.Bd4 ( 38.Be3 $1 Qxe4 39.Bxe4 Ned3 40.Bxf4 Nxf4 41.Rf1 {would have kept solid advantage for White.} ) 38...Nxh3+ {Getting overly excited with a few seconds left on his clock.} ( {Correct was} 38...Ned3 {when Black is not worse at all. Of course} 39.Qxc6 $2 {fails to} 39...Bxd4+ ) 39.Kh2 ( {Even} 39.gxh3 Nf3+ 40.Kh1 $1 Nxd4 41.Bg6 {is advantageous for White.} ) 39...Ng5 40.Qxc6 Rxc6 41.Bc2 Ngf7 42.Bxe5 $2 {"I do not understand this." (Grischuk) Indeed, why was this trade needed? White can take on e5 in any given moment.} ( 42.Bc3 {"I thought there is almost no hope. White will just win slowly." (Grischuk)} ) 42...Nxe5 43.Rd5 Re6 44.Kh3 Kg8 45.b3 ( {Black was more afraid of} 45.Bf5 Re8 46.Bd7 Re7 47.Bc8 g6 48.g3 {when the pin might be indeed more than unpleasant for him.} ) 45...Kf7 46.bxc4 Nxc4 47.Rd7+ Be7 48.Rxe6 Kxe6 49.Ra7 Nxa3 50.Rxa6+ Kd5 {"This is like my dream. Everything is exchanged and I have very good drawing chances." (Grischuk)} 51.Bh7 Nc4 52.Kg4 Bf6 53.Ra7 {As Grischuk explained White will be winning if he manages to take away all the pawns from the board. However, this will never happen as the b-pawn is too strong.} 53...Kd4 54.Bg8 Nd6 55.Kf3 Kc5 56.Ra8 {In the remainder, Ding tried everyhting that he could but the win had slipped away.} 56...b4 57.Ke2 Bc3 58.Kd3 Kb6 59.Ke3 Kc6 60.Kf4 Nb7 61.Kf5 Nc5 62.g4 Kb5 63.g5 b3 64.Kg6 Kb4 65.Bd5 Bd4 66.Kh7 Kc3 67.g6 b2 68.Ba2 Kc2 69.Rb8 Ne4 70.Rb4 Nc3 71.Be6 Kc1 72.Bf5 Be5 73.Rb7 b1=Q ( {Shuffling the bishop left and right was the easiest draw as White cannot make progress.} 73...Bf6 ) 74.Bxb1 Nxb1 75.Rxg7 Nc3 76.Re7 Bd4 {This is also a draw as the bishop will always have enough squares on the diagonals as Grischuk explained.} 77.Rd7 Be5 78.Kh6 Kc2 79.Kg5 Kb3 80.Kf5 Bh8 81.Rb7+ ( {Or} 81.Rh7 Bd4 82.Re7 Bh8 ) 81...Kc2 82.Rh7 Bd4 83.Ke6 Kb3 84.Rd7 Bh8 85.Rd8 Bg7 86.Kf7 Be5 87.Re8 ( 87.Rd3 Kc2 ) 87...Bd4 88.Rb8+ Kc2 89.Rb7 Be5 90.Rb6 Bd4 91.Rf6 Bxf6 92.Kxf6 Nd5+ 93.Kf7 Ne3 94.Kf6 Nd5+ 95.Kf7 Ne3 96.g7 Nf5 97.g8=Q Nh6+ 1/2-1/2

[Event "GRENKE Chess Classic"]
[Site "?"]
[Date "2018.04.05"]
[Round "5.4"]
[White "Meier, Georg"]
[Black "Carlsen, Magnus"]
[Result "1/2-1/2"]
[WhiteElo "2648"]
[BlackElo "2843"]
[EventDate "2018.??.??"]
[Annotator "Bojkov,Dejan"]
[PlyCount "85"]
[Beauty "5980473536579"]
[EventType "swiss"]
[EventRounds "9"]

1.d4 Nf6 2.c4 e6 3.Nf3 d5 4.g3 {Another pet opening by the German GM.} 4...Bb4+ 5.Bd2 Be7 6.Bg2 O-O 7.O-O Nbd7 8.Qc2 c6 9.Bf4 Ne4 10.h4 {Prophylaxis.} ( {After:} 10.Nc3 {Black can expand on the kingside with} 10...g5 11.Bc1 f5 12.b3 b6 13.Bb2 Bb7 14.Rad1 Qe8 {which will lead to a position typical for the Dutch Stonewall, Le,Q (2739)-Nakamura,H (2792) Saint Louis 2017} ) 10...Ndf6 {"I knew this line is bad, but decided to play it." (Carlsen). Apparently, the world champion wanted to avoid dry positions even at the expense of some risk.} 11.Nbd2 $146 {Solid and a novelty.} ( {The only predecessor was an email game which also saw White gaining advantage after:} 11.Nc3 Nxc3 12.Qxc3 b6 13.Ne5 Bb7 14.b4 a5 15.c5 axb4 16.Qxb4 Ra6 17.Rfb1 Ba8 18.a4 bxc5 19.dxc5 Qa5 20.Qxa5 Rxa5 21.Bd2 {Ilonen,I (2228)-Jones,I (2256) ICCF email 2016} ) 11...Nxd2 12.Nxd2 Nh5 {There is nothing else. Black needs to get something in return for the poor bishop on c8. Therefore- Stonewall set-up and central control.} 13.Be3 f5 14.Bf3 Qe8 ( 14...f4 $5 {was interesting, with the idea} 15.Bxh5 fxe3 16.fxe3 Qd6 17.Kg2 e5 {and compensation for the pawn.} ) 15.Bg5 Nf6 16.e3 b6 17.Rac1 Ba6 ( {Objectively correct and approximately equal was the way that Carlsen suggested-} 17...Ne4 18.Bxe7 Qxe7 19.Nxe4 fxe4 20.Be2 Bb7 {But then, how to fight for a win?} ) 18.a3 Ne4 19.Bxe7 Qxe7 20.Be2 Bb7 21.b4 Rac8 {"This was ridiculous obviously, but I wanted to keep on fighting." (Carlsen)} 22.c5 {Meier seizes the initiative on his flank, Carlsen nees to hurry with counterplay.} 22...e5 23.dxe5 Qxe5 24.Nxe4 fxe4 25.Qc3 Qf5 26.a4 g5 {"A kind of complete bluff. It is very hard to evaluate with little time on the clock." (Carlsen)} ( 26...Qh3 {intending Rf8-f3xg3+ and perpetual was objectively best. "But I did not want a draw." (Carlsen). He almost succeeded...} ) 27.hxg5 {Solid play by Meier.} ( {On} 27.h5 {the world champion planned} 27...g4 28.h6 Rc7 29.cxb6 axb6 30.Qd4 Rcf7 31.Qxb6 Ba8 {followed by Rf7-f6xh6, Qf5-h5 and mate. But this might not be as simple. Say:} 32.b5 Rf6 33.Qc7 Rxh6 34.Qf4 $1 {White defends the kingside and crashes through the other.} ) ( {Surprisingly, there is even a move} 27.f4 $1 {Computer generated of course. Then} 27...Qh3 $2 {which looks like refutation allows counter-attack} ( {If} 27...gxh4 28.g4 {is much better for White.} ) 28.Rf2 Qxg3+ 29.Rg2 Qxh4 30.Rxg5+ {and White wins.} ) 27...Qxg5 28.Kg2 Rc7 29.Rh1 Rg7 {Black's initiative looks scary, especially in the approaching time-trouble.} 30.Rcg1 $1 {An important move according to Carlsen.} ( {If} 30.Rcf1 {he planned} 30...Bc8 {when} 31.Rh5 {loses to} ( {Then Black saw} 31.cxb6 Bg4 32.Bxg4 Qxg4 33.Qxc6 ( {Carlsen missed the defense} 33.Rh3 $1 {when White might be in fact better.} ) 33...Qf3+ 34.Kh2 Rg5 35.Qe6+ Kh8 {with mate.} 36.Kg1 Rxg3+ 37.fxg3 Qxg3# ) 31...Rxf2+ $1 32.Rxf2 Qxg3+ 33.Kf1 Qg1# ) 30...Qf5 ( {Here} 30...Bc8 {does not work due to} 31.Rh5 Qg6 32.Rh4 {(Carlsen)} ) ( {Carlsen also did not see anything for him after} 30...bxc5 31.Qxc5 Qf6 32.Rf1 Qb2 33.Re1 Rgf7 ( 33...Qe5 $1 {is actually strong, renewing the threat Rf8xf2!} ) 34.Rhf1 ) 31.Rf1 {Now White is ready for b4-b5.} 31...Ba6 {"I actually saw that this does not work, but played it anyway."(Carlsen)} 32.b5 ( {Since if} 32.Rh5 {Black can sacrifice the queen} 32...Bxe2 $1 33.Rxf5 Rxf5 34.Rh1 Bf3+ 35.Kg1 Bxh1 36.Kxh1 Rxf2 {with unclear consequences.} ) 32...cxb5 33.Rh5 Qf7 34.Qe5 $1 {Another excellent defensive (or rather counter-attacking) move. The kingside is defended and Meier seizes the initiative. It was only the time-trouble which did not let him win the game.} 34...Bb7 ( {Objectively best, but rather sad was:} 34...bxc5 35.Qxd5 Qxd5 36.Rxd5 Bb7 37.Rxc5 bxa4 38.Ra1 Kh8 {(Carlsen)} ) 35.cxb6 bxa4 36.bxa7 Ba8 37.Rg5 ( {For the time trouble, Leko's suggestion was "more professional"} 37.Rh6 $1 {with the idea:} 37...Qxa7 38.Bg4 Qe7 39.Be6+ Kh8 40.Rxh7+ Kxh7 41.Qh5# ) 37...Qxa7 38.Bg4 $1 {Missed by Black. If this was move forty, Black would not escape, but there are two more moves to the time control...} 38...Kh8 39.Ra1 {Missing the golden chance!} ( {Carlsen thought that} 39.Rb1 {with the idea} 39...Qe7 ( {But there is a defense.} 39...Qc7 ) 40.Rb8 $1 {is very strong.} ) ( 39.Rh5 {would be winning, but in a very difficult way} 39...Qe7 40.Rxh7+ Kxh7 41.Rh1+ Kg8 ( 41...Kg6 42.Qh5+ Kf6 43.Qf5# ) 42.Be6+ Rff7 43.Rh6 $3 Bc6 44.Qh5 Rh7 45.Rxh7 Qxe6 46.Rh6 ) ( {The best was} 39.Rh1 Qe7 40.Rxh7+ Kxh7 41.Rh5+ {and now both players missed the mate after} 41...Kg6 ( {Also difficult is the win after} 41...Kg8 42.Be6+ Rff7 43.Bxf7+ Kxf7 44.Qf4+ Kg8 45.Qb8+ Kf7 46.Qxa8 {but it is a win.} ) 42.Rh6+ $3 Kf7 ( 42...Kxh6 43.Qh5# ) 43.Qh5+ Rg6 44.Qxg6# ) 39...Qe7 40.Qxg7+ Qxg7 41.Rxg7 Kxg7 42.Rxa4 Bc6 43.Rb4 1/2-1/2

[Event "GRENKE Chess Classic"]
[Site "?"]
[Date "2018.04.06"]
[Round "6.5"]
[White "Bluebaum, Matthias"]
[Black "Anand, Viswanathan"]
[Result "1-0"]
[WhiteElo "2631"]
[BlackElo "2776"]
[EventDate "2018.??.??"]
[Annotator "Bojkov,Dejan"]
[PlyCount "89"]
[Beauty "7353789322248"]
[EventType "swiss"]
[EventRounds "9"]

1.d4 d5 2.c4 e6 3.Nf3 dxc4 4.e3 b5 5.a4 b4 6.Bxc4 Nf6 7.a5 ( 7.O-O Be7 8.Qe2 O-O 9.b3 Bb7 10.Bb2 Nbd7 {Bu,X (2730)-Inarkiev,E (2689) Riadh 2017} ) 7...a6 8.Nbd2 Bb7 9.O-O c5 10.Nb3 Nbd7 11.dxc5 $146 ( 11.Qe2 Bd6 12.Rd1 Qc7 13.dxc5 Nxc5 14.Nxc5 Qxc5 {Alfaro,W (2181)-Quesada Perez, Y (2541) Managua 2017} ) 11...Nxc5 12.Nxc5 Bxc5 13.Qa4+ Qd7 14.Qxd7+ Nxd7 15.Bd2 Ke7 16.Rac1 Rhc8 17.Nd4 Ne5 18.Be2 Bd6 19.Rfd1 Bd5 20.Rxc8 Rxc8 21.Bxa6 Ra8 22.Bf1 Rxa5 23.Nb5 Bc5 24.Rc1 Ra2 ( 24...Nd7 25.Rxc5 Nxc5 26.Bxb4 Ra1 27.Bxc5+ Kd7 28.Nd6 $1 ( 28.Na3 Be4 29.Nc4 Rxf1+ 30.Kxf1 Bd3+ 31.Ke1 Bxc4 ) ) 25.Rxc5 Rxb2 26.e4 $1 ( 26.Bc1 Rb1 ) 26...Rxd2 27.exd5 exd5 28.Rc1 b3 29.Rb1 b2 30.Nc3 Nc4 31.Nxd5+ Rxd5 32.Bxc4 Rc5 33.Re1+ Kf6 ( 33...Kd6 34.Ba2 ( 34.Bd3 Rc1 35.Kf1 Kc5 ) 34...Rc1 35.Kf1 Kc5 36.Ke2 Kd4 37.Kd2 ) 34.Bd3 Rd5 35.Bb1 h5 36.g3 g5 37.Kg2 g4 38.Re2 Rb5 39.Re8 Rd5 40.Re2 Rb5 41.h4 Kg7 42.Re7 Rd5 43.Rb7 Rd2 44.Ba2 Kh6 45.Bxf7 1-0

[Event "Shamkir Chess"]
[Site "?"]
[Date "2018.04.21"]
[Round "3.3"]
[White "Mamedov, Rauf"]
[Black "Carlsen, Magnus"]
[Result "1/2-1/2"]
[WhiteElo "2704"]
[BlackElo "2843"]
[EventDate "2018.??.??"]
[Annotator "Bojkov,Dejan"]
[PlyCount "102"]
[Beauty "5566432846344"]
[EventType "schev"]
[EventRounds "3"]

1.e4 d6 {Aggressively, for a win.} 2.d4 Nf6 3.Nc3 g6 4.f4 Bg7 5.Nf3 c5 6.Bb5+ Bd7 7.e5 Ng4 8.Bxd7+ {Solid, whereas:} ( {The really cool (sharp) stuff starts affter} 8.e6 Bxb5 9.exf7+ Kd7 10.Nxb5 Qa5+ 11.Nc3 cxd4 12.Nxd4 h5 13.h3 Nh6 14.O-O {as in Collins,S (2459)-Fridman,D (2653) Riga LAT 2012} ) 8...Qxd7 9.d5 dxe5 10.h3 e4 11.Nxe4 Nf6 12.Nxf6+ Bxf6 13.O-O O-O {"The game is about level although Black still needs to play quite accurately to maintain the balance." This statement was given some years back by GM Gallagher and remains true. Apparently, Mamedov did not want to risk much.} 14.c4 ( {The endgame after} 14.Ne5 Qa4 15.c4 Qxd1 16.Rxd1 Rd8 17.Bd2 Nd7 18.Bc3 Nb6 19.b3 Nc8 $1 20.Re1 Nd6 {is equal, Baklan,V (2602)-Hillarp Persson,T (2524) Reykjavik 2011} ) 14...e6 15.Be3 ( {The only try for the advantage was the sharp} 15.Ne5 $5 ) 15...exd5 16.cxd5 $146 ( {In comparison to:} 16.Qxd5 {It is not logical to trade queens as the central pawn on d5 becomes a liability in the endgame.} 16...Qxd5 17.cxd5 Nd7 18.Rfd1 Rfe8 19.Kf2 Rad8 {and Black was already better in Kolar,P-Omelka,R Czech Republic 1999} ) 16...Rd8 17.Qc2 Na6 ( {White is better after} 17...b6 18.Rad1 Na6 19.Ne5 ) ( {Carlsen avoids the complete dryness after} 17...Qxd5 18.Rfd1 Qc6 19.Rxd8+ Bxd8 20.Qxc5 Bb6 21.Qa3 {when the draw seems inevitable.} ) 18.Rad1 Nb4 {Carlsen got a good version of the Gruenfeld defense where he is not risking at all. But the poor position of his knight forces him to trade further.} ( {Both} 18...Nc7 $6 19.Ne5 ) ( {And} 18...b6 $6 19.Ne5 {are both too risky for Black.} ) 19.Qxc5 Nxd5 20.Bd4 {Or else the black bishop will be significantly better.} 20...Rac8 21.Qa3 ( {But not} 21.Qxa7 $4 Ra8 22.Qc5 Rdc8 {when the white queen is trapped almost in the middle of the board.} ) 21...Qf5 ( 21...Bxd4+ 22.Rxd4 Qc7 23.f5 {is equal.} ) 22.Bxf6 Qxf6 23.Qxa7 Nxf4 24.Rxd8+ Rxd8 25.Qe3 Nd5 {If anything, Carlsen achieved some sort of imbalance.} 26.Qb3 Nf4 27.Qe3 Nd5 28.Qb3 b6 {Once again avoiding the drawing continuations.} 29.Rd1 Nf4 30.Rxd8+ Qxd8 31.Qe3 g5 $1 {The advanced knight on f4 will attack, thus making it impossible for the white pieces to expose the potential weakness of the black king.} 32.Kh2 h6 33.h4 {Mamedov is carefully handling the situation and reduces the material.} 33...Ne6 34.hxg5 hxg5 35.Qe4 Qf6 36.Qe5 Qg6 37.g4 ( 37.a4 $5 {made sense too. Why not simply advance on the side where you are better?} ) 37...Qd3 38.Kg3 b5 39.Kf2 Kf8 40.Qe2 Nf4 ( {M. Botvinnik once explained perfectly the knight endgames as masked pawn endgames.} 40...Qxe2+ $2 41.Kxe2 {would be a torture for Black, and it is not even sure if he can survive.} ) 41.Qxd3 {Now everything disappears.} 41...Nxd3+ 42.Ke3 Nxb2 43.Nxg5 Nd1+ 44.Kd4 Nf2 45.Nxf7 Kxf7 46.Kc5 Ne4+ 47.Kxb5 Nc3+ 48.Kc4 Nxa2 49.g5 Kg7 50.g6 Nb4 51.Kxb4 Kxg6 1/2-1/2